[Event "Wch U16 Girls blitz"]
[Site "Batumi"]
[Date "2023.06.11"]
[Round "9"]
[White "Shohradova, Leyla"]
[Black "Gotiashvili, Marta"]
[Result "0-1"]
[WhiteElo "1828"]
[BlackElo "1278"]
[PlyCount "90"]
[EventDate "2023.06.10"]
[EventType "swiss (blitz)"]
[EventRounds "11"]
[EventCountry "GEO"]
[SourceTitle "EXT 2024"]
[Source "ChessBase"]
[SourceDate "2023.10.10"]
[SourceVersion "1"]
[SourceVersionDate "2023.10.10"]
[SourceQuality "1"]
[WhiteTeam "Turkmenistan"]
[BlackTeam "Georgia"]
[WhiteTeamCountry "TKM"]
[BlackTeamCountry "GEO"]

1. d4 Nf6 2. c4 e6 3. Nf3 b6 4. g3 Bb7 5. Bg2 Be7 6. 0-0 c5 7. Nc3 d6 8. d5 exd5 9. cxd5 0-0 10. e4 Nbd7 11. Nd2 Ne5 12. f4 Nd3 13. Rf3 Ba6 14. Nf1 c4 15. Ne3 b5 16. a3 Rb8 17. e5 dxe5 18. fxe5 Nd7 19. e6 fxe6 20. dxe6 N7e5 21. Rf1 Qb6 22. Ncd5 Qxe6 23. Nf4 Qd7 24. Be4 Rbd8 25. Ned5 Bc5+ 26. Kg2 Nxf4+ 27. Bxf4 Nc6 28. Qc2 h6 29. Rad1 Nd4 30. Qc3 Bb7 31. Be5 Bxd5 32. Rxf8+ Kxf8 33. Rf1+ Kg8 34. Qe3 Ne6 35. Qe2 Bxe4+ 36. Qxe4 Qd2+ 37. Kh3 Ng5+ 38. Kh4 Nxe4 39. Bf4 Qd7 40. g4 Qe7+ 41. Kh3 g5 42. Bg3 Nxg3 43. hxg3 Rd2 44. b3 Qe2 45. Rh1 Qg2# 0-1

[Event "Wch U16 Girls blitz"]
[Site "Batumi"]
[Date "2023.06.10"]
[Round "4"]
[White "Gotiashvili, Marta"]
[Black "Momyn, Madina"]
[Result "0-1"]
[WhiteElo "1278"]
[BlackElo "1428"]
[PlyCount "76"]
[EventDate "2023.06.10"]
[EventType "swiss (blitz)"]
[EventRounds "11"]
[EventCountry "GEO"]
[SourceTitle "EXT 2024"]
[Source "ChessBase"]
[SourceDate "2023.10.10"]
[SourceVersion "1"]
[SourceVersionDate "2023.10.10"]
[SourceQuality "1"]
[WhiteTeam "Georgia"]
[BlackTeam "Kazakhstan"]
[WhiteTeamCountry "GEO"]
[BlackTeamCountry "KAZ"]

1. e4 e6 2. d4 d5 3. exd5 exd5 4. Bd3 Nf6 5. h3 Be7 6. Bf4 Nbd7 7. Ne2 c6 8. Nd2 0-0 9. 0-0 b6 10. c3 Bb7 11. Qc2 c5 12. Qd1 h6 13. Re1 Re8 14. Bh2 Nf8 15. Ng3 Bd6 16. Nf5 Bxh2+ 17. Kxh2 Ne6 18. Qf3 Qc7+ 19. Kg1 Ng5 20. Qg3 Qxg3 21. Nxg3 Ne6 22. Nf5 Rad8 23. Bc2 g6 24. Nxh6+ Kg7 25. Ng4 Nxg4 26. hxg4 cxd4 27. cxd4 Nxd4 28. Bd3 Rc8 29. Rac1 Rxc1 30. Rxc1 Ne2+ 31. Bxe2 Rxe2 32. Rd1 Bc6 33. g3 a5 34. b3 a4 35. Kg2 axb3 36. axb3 Kf6 37. Kf3 Re5 38. b4 d4+ 0-1